| 000 | 00383nam a2200145Ia 4500 | ||
|---|---|---|---|
| 005 | 20250729165802.0 | ||
| 008 | 250729s2018 xx 000 0 und d | ||
| 041 | _aeng | ||
| 082 | _a372.25 SINP | ||
| 100 |
_aDr.Y.K Singh _9232967 |
||
| 245 | _aPhilosophical Foundation of Education | ||
| 260 |
_aNew Delhi _bA P H PUBLISHING _c2018 |
||
| 300 | _a372p | ||
| 650 |
_aEducation _9232968 |
||
| 999 |
_c240046 _d240046 |
||